00926nab a2200205 i 4500001001000000003001000010005001700020008004100037040003000078041000800108100003300116245007400149520022000223650002300443653001300466773016900479942000800648945004700656999001700703768714001CO-MdFUSB20240531062756.0240430t1965 sp ||||| |||| 00| 0 spa d bspacCO-MdFUSBdCO-MdFUSB aspa aWeiler, Anton Gerard,eautor aPensadores cristianos y marxistas en diálogoc/ Anton Gerard Weiler aEste artículo hace referencia al congreso bajo el tema "Cristianismo y marxismo hoy" al que invitaba la Paulus-Gesellschaft y que R. Garaudy Director del Centro de Estudios e Investigaciones Marxistas de París. 7aCristianismo2922 aMarxismo0 049450982565oR2497tRevista internacional de teología Conciliumw(CO-MdFUSB)8x0210-1041gNúmero 7, (julio - agosto, 1965), páginas: 165 - 168qpágina: 165 cANA aCatherine Arias Álvarez practicante SENA c69464d69464